| 000 | 00730nas a2200241 4500 | ||
|---|---|---|---|
| 001 | BR7310383 | ||
| 003 | BR-BrBNA | ||
| 005 | 20231205082658.0 | ||
| 007 | ta | ||
| 008 | 230509b bl.|||p| |||| 00| 00por d | ||
| 040 |
_aBR-BrBNA _bpor _cBiblioteca Nacional de Agricultura |
||
| 041 | _a(Pt) | ||
| 072 | _aL73 | ||
| 100 | 1 | _aSouza, J.C. de A. | |
| 100 | 1 | _aLucio, W.F. | |
| 100 | 1 | _aSilva, J.M.L. da | |
| 245 | 1 | _aLeiomiosarcoma em caes [Canis familiaris; Tumor] | |
| 650 | _aCAO | ||
| 650 | _aTUMOR | ||
| 773 | 0 |
_tArquivos da Escola de Veterinaria da Universidade Federal de Minas Gerais (Brazil) _xISSN 0365-8384 _g(1973), v. 25(1) p. 23-26 _wBR7310383 |
|
| 909 |
_a202311 _bLúcia _c55 _dLúcia Elande |
||
| 942 |
_2AGRIS _n0 _cANA |
||
| 999 |
_c93645 _d93645 |
||